00674nam a2200241 a 4500001001300000003000900013005001700022008004100039020000800080082001900088100002700107245003200134260003600166300000900202500003500211650001600246650001600262700002700278902000800305942000700313952009700320999001500417nice12345678IN_TiNIC20260116011510.0050524s1941 dela grp 000 0 urd  ac500a891.4391bZIA1 aZia Ul Qadiri, Maulana aMuraqqa-E-yadgar-e-shahadat aDelhibAastana Book Depotc1941 a192p aincludes index and biblioraphy aUrdu-Poetry aPoetry-Shia1 aZia Ul Qadiri, Maulana bSRS cBK 00104070aHMIbHMId2007-06-01g5.00l0o891.4391 ZIA1p3654r2007-06-01w2026-01-16yARB c2066d2066